000 00550nam a22001817a 4500
003 OSt
005 20251231120435.0
008 251231b |||||||| |||| 00| 0 eng d
020 _a9187748797
040 _aLC
_cJCSC
050 _aJZ 6150
_b.H45 1997
100 _aWolgang Heinrich
245 _aBUILDING THE PEACE :
_bExperience and reflections of collaborative peacebuilding the case of somalia /
_cHeinrich W.
260 _aSweden :
_bLife and peace institute ;
_c1997.
300 _a251 pages.
504 _aIncludes index.
942 _2lcc
_cBK
_n0
999 _c23385
_d23384